Veřejná volba a řízení veřejných výdajů
Salvato in:
| Autore principale: | |
|---|---|
| Natura: | Libro |
| Lingua: | ceco |
| Pubblicazione: |
Praha
EKOPRESS
2003
|
| Soggetti: | |
| Tags: |
Nessun Tag, puoi essere il primo ad aggiungerne!!
|
MARC
| LEADER | 00000nam$a2200000$$$4500 | ||
|---|---|---|---|
| 001 | 0007795 | ||
| 005 | 20240306141730.9 | ||
| 020 | |a 80-86119-71-8 | ||
| 041 | 0 | |a cze | |
| 044 | |a CZ | ||
| 245 | 1 | 0 | |a Veřejná volba a řízení veřejných výdajů |c František Ochrana |
| 264 | 1 | |a Praha |b EKOPRESS |c 2003 | |
| 300 | |a 184 s. | ||
| 610 | 2 | 0 | |a teória rozhodovania |
| 610 | 2 | 0 | |a rozhodovanie |
| 610 | 2 | 0 | |a sektor verejný |
| 610 | 2 | 0 | |a politika |
| 610 | 2 | 0 | |a správa verejná |
| 610 | 2 | 0 | |a voľby |
| 610 | 2 | 0 | |a vláda |
| 610 | 2 | 0 | |a výdavky verejné |
| 610 | 2 | 0 | |a audit |
| 610 | 2 | 0 | |a rozpočtovanie |
| 100 | 1 | |a Ochrana, František | |